| 000 | 00574nam a2200181 i 4500 | ||
|---|---|---|---|
| 001 | 189476 | ||
| 003 | SpMaBN | ||
| 005 | 20230906223500.0 | ||
| 008 | 190604q1972 sp b |||| | spa d | ||
| 080 | _a012 Ruano, Argimiro | ||
| 100 | 1 |
_aRuano, Argimiro. _9100265 |
|
| 245 | 1 | 0 |
_aColaboraciones, publicaciones, traducciones, conferencias _b: (1949-1971) / _cArgimiro Ruano. |
| 260 |
_a[S.l. : _bA. Ruano, _c1972?] |
||
| 300 |
_a21 p. ; _c23 cm. |
||
| 594 | _aDatos tomados de cub. | ||
| 600 | 1 | 7 |
_aRuano, Argimiro- _vBibliografías. _9167237 |
| 852 |
_aES-MaACL _j2340-F-26 |
||
| 999 |
_c189476 _d189476 |
||